Teams with the most Champion Leauge wins - Statistics

General Stats
  • This quiz has been taken 16 times
  • The average score is 13 of 23
Answer Stats
Answer #won % Correct
Barcelona 5
100%
Manchester United 3
100%
Real Madrid 14
100%
AC Milan 7
92%
Bayern 6
92%
Chelsea 2
92%
Inter Milan 3
92%
Liverpool 6
92%
Borussia Dortmund 1
77%
Ajax 4
69%
Porto 2
69%
Nottingham Forest 2
62%
Manchester City 1
54%
Benfica 2
46%
Celtic 1
46%
Aston Villa 1
38%
Hamburger SV 1
31%
Red Star Belgrade 1
31%
Feyenoord 1
23%
PSV Eindhoven 1
23%
Juventes 2
0%
Marseille (France) 1
0%
Steaua Bucuresti 1
0%
No matching quizzes found
Score Distribution
Percent of People with Each Score
Percentile by Number Answered
Your Score History
You have not taken this quiz